Gustaf III inför eftervärld. [Hur historikerna har sett på "Tjusarkonungen" genom tiderna]
Saved in:
| Main Author: | |
|---|---|
| Format: | Book |
| Language: | Swedish |
| Published: |
Stockholm,
Proprius; Seelig]
[Solna, 1968.
|
| Subjects: | |
| Tags: |
Add Tag
No Tags, Be the first to tag this record!
|
| LEADER | 00629nam a2200205L 4500 | ||
|---|---|---|---|
| 001 | 003242539-2 | ||
| 005 | 20090712155220.0 | ||
| 008 | 860529s1968 sw 000 0dswe | ||
| 010 | |a 70358543 | ||
| 015 | |a S68-45 | ||
| 035 | 0 | |a ocm15935097 | |
| 040 | |a DLC |c MNU |d m.c. |d HLS | ||
| 050 | 0 | |a DL766 |b .L28 | |
| 100 | 1 | |a Landberg, Georg, |d 1897- | |
| 245 | 1 | 0 | |a Gustaf III inför eftervärld. |b [Hur historikerna har sett på "Tjusarkonungen" genom tiderna] |
| 260 | |a Stockholm, |b Proprius; |c [Solna, |b Seelig] |c 1968. | ||
| 300 | |a 148, (1) p. |c 18 cm. | ||
| 600 | 0 | 0 | |a Gustav |b III, |c King of Sweden, |d 1746-1792. |
| 988 | |a 20020608 | ||
| 906 | |0 DLC | ||


